[Event "Dvorkovich Memorial Rapid 2018"]
[Site "Taganrog"]
[Date "2018.01.14"]
[Round "11"]
[White "Bogdanov, Rodion"]
[Black "Tomilova, Elena"]
[Result "0-1"]
[WhiteElo "1879"]
[BlackElo "2331"]
[Annotator "ChessBase"]
[PlyCount "144"]
[EventDate "2018.??.??"]
[EventType "swiss"]
[EventCountry "RUS"]
[SourceTitle "playchess.com"]
[Source "ChessBase"]
[SourceQuality "1"]
[TimeControl "900+10"]

1. Nf3 {[%emt 0:00:00]} d5 {[%emt 0:00:11]} 2. c4 {[%emt 0:00:04]} c6 {[%emt 0:00:00]} 3. b3 {[%emt 0:00:07]} Bf5 {[%emt 0:00:05]} 4. Bb2 {[%emt 0:00:03]} e6 {[%emt 0:00:04]} 5. g3 {[%emt 0:00:01]} Nf6 {[%emt 0:00:06]} 6. Nh4 {[%emt 0:00:02]} Bg6 {[%emt 0:00:08]} 7. Bg2 {[%emt 0:00:20]} Nbd7 {[%emt 0:00:07]} 8. Nxg6 {[%emt 0:00:11]} hxg6 {[%emt 0:00:02]} 9. Qc2 {[%emt 0:00:09]} Bd6 {[%emt 0:00:48]} 10. Nc3 {[%emt 0:00:19]} Qe7 {[%emt 0:00:13]} 11. a3 {[%emt 0:00:09]} a5 {[%emt 0:00:09]} 12. O-O {[%emt 0:00:18]} O-O {[%emt 0:01:01]} 13. d4 {[%emt 0:00:23]} Rac8 {[%emt 0:00:32]} 14. c5 {[%emt 0:00:03]} Bc7 {[%emt 0:00:08]} 15. b4 {[%emt 0:00:02]} e5 {[%emt 0:00:16]} 16. e3 {[%emt 0:00:06]} b5 {[%emt 0:02:03]} 17. cxb6 {[%emt 0:00:43]} Nxb6 {[%emt 0:00:13]} 18. dxe5 {[%emt 0:00:02]} Bxe5 {[%emt 0:00:09]} 19. Na4 {[%emt 0:00:57]} Bxb2 {[%emt 0:01:15]} 20. Nxb6 {[%emt 0:00:04]} Bxa1 {[%emt 0:00:01]} 21. Nxc8 {[%emt 0:00:01]} Rxc8 {[%emt 0:00:02]} 22. Rxa1 {[%emt 0:00:05]} axb4 {[%emt 0:00:04]} 23. axb4 {[%emt 0:00:11]} Qxb4 {[%emt 0:00:05]} 24. Rb1 {[%emt 0:00:16]} Qa5 {[%emt 0:00:12]} 25. h3 {[%emt 0:00:05]} c5 {[%emt 0:00:29]} 26. Kh2 {[%emt 0:00:04]} c4 {[%emt 0:00:25]} 27. Rb7 {[%emt 0:00:07]} Qa6 {[%emt 0:00:14]} 28. Rb1 {[%emt 0:00:51]} Qd6 {[%emt 0:01:40]} 29. Qc3 {[%emt 0:00:08]} Ne4 {[%emt 0:00:47]} 30. Qd4 {[%emt 0:01:53]} Qc5 {[%emt 0:00:20]} 31. Qe5 {[%emt 0:01:20]} f6 {[%emt 0:01:21]} 32. Qe6+ {[%emt 0:00:05]} Kh7 {[%emt 0:00:02]} 33. Bxe4 {[%emt 0:00:06]} dxe4 {[%emt 0:00:04]} 34. Qxe4 {[%emt 0:00:01]} c3 {[%emt 0:00:06]} 35. Rc1 {[%emt 0:01:05]} c2 {[%emt 0:00:19]} 36. Kg2 {[%emt 0:00:19]} f5 {[%emt 0:00:21]} 37. Qd3 {[%emt 0:00:16]} Qc6+ {[%emt 0:00:35]} 38. f3 {[%emt 0:00:02]} Qc5 {[%emt 0:00:44]} 39. h4 {[%emt 0:00:13]} Rc6 {[%emt 0:00:07]} 40. Kh3 {[%emt 0:00:15]} Rc7 {[%emt 0:01:42]} 41. Kg2 {[%emt 0:00:04]} Qc6 {[%emt 0:00:02]} 42. Kf2 {[%emt 0:00:07]} Qa4 {[%emt 0:00:14]} 43. h5 {[%emt 0:00:09]} gxh5 {[%emt 0:00:24]} 44. Qxf5+ {[%emt 0:00:02]} g6 {[%emt 0:00:01]} 45. Qd3 {[%emt 0:00:08]} Rc4 {[%emt 0:00:20]} 46. e4 {[%emt 0:00:29]} Qc6 {[%emt 0:00:25]} 47. Kg2 {[%emt 0:00:18]} Rc3 {[%emt 0:00:10]} 48. Qd4 {[%emt 0:00:02]} Qc7 {[%emt 0:01:02]} 49. Qd5 {[%emt 0:01:46]} Qa7 {[%emt 0:00:27]} 50. Qd2 {[%emt 0:00:18]} Qc7 {[%emt 0:00:31]} 51. Qd5 {[%emt 0:00:03]} Rc5 {[%emt 0:00:06]} 52. Qd3 {[%emt 0:00:19]} Rg5 {[%emt 0:00:38]} 53. f4 {[%emt 0:01:29]} Qxf4 {[%emt 0:00:09]} 54. Rxc2 {[%emt 0:00:01]} Rxg3+ {[%emt 0:00:12]} 55. Qxg3 {[%emt 0:00:05]} Qxe4+ {[%emt 0:00:02]} 56. Qf3 {[%emt 0:00:58]} Qxc2+ {[%emt 0:00:02]} 57. Kg3 {[%emt 0:00:02]} Qc7+ {[%emt 0:00:24]} 58. Kh4 {[%emt 0:00:44]} Qe7+ {[%emt 0:00:09]} 59. Kh3 {[%emt 0:00:04]} Kh6 {[%emt 0:00:13]} 60. Qf4+ {[%emt 0:00:10]} g5 {[%emt 0:00:03]} 61. Qd4 {[%emt 0:00:01]} Qe6+ {[%emt 0:00:38]} 62. Kh2 {[%emt 0:00:08]} h4 {[%emt 0:00:12]} 63. Qh8+ {[%emt 0:00:22]} Kg6 {[%emt 0:00:01]} 64. Qd4 {[%emt 0:00:07]} Qe2+ {[%emt 0:00:14]} 65. Kh3 {[%emt 0:00:34]} Qf1+ {[%emt 0:00:17]} 66. Kh2 {[%emt 0:00:13]} Qf4+ {[%emt 0:00:04]} 67. Qxf4 {[%emt 0:00:06]} gxf4 {[%emt 0:00:02]} 68. Kg2 {[%emt 0:00:01]} Kg5 {[%emt 0:00:12]} 69. Kh3 {[%emt 0:00:09]} f3 {[%emt 0:00:04]} 70. Kh2 {[%emt 0:00:01]} Kf4 {[%emt 0:00:03]} 71. Kg1 {[%emt 0:00:03]} Ke3 {[%emt 0:00:03]} 72. Kh2 {[%emt 0:00:18]} f2 {[%emt 0:00:07]} 0-1

[Event "Dvorkovich Memorial Rapid 2018"]
[Site "Taganrog"]
[Date "2018.01.14"]
[Round "11"]
[White "Tyurin, Artem"]
[Black "Sipetin, Vladislav"]
[Result "1/2-1/2"]
[WhiteElo "1820"]
[BlackElo "2263"]
[Annotator "ChessBase"]
[PlyCount "47"]
[EventDate "2018.??.??"]
[EventType "swiss"]
[EventCountry "RUS"]
[SourceTitle "playchess.com"]
[Source "ChessBase"]
[SourceQuality "1"]
[TimeControl "900+10"]

1. e4 {[%emt 0:00:00]} c6 {[%emt 0:00:00]} 2. d4 {[%emt 0:00:00]} d5 {[%emt 0:00:00]} 3. Nc3 {[%emt 0:00:00]} dxe4 {[%emt 0:00:00]} 4. Nxe4 {[%emt 0:00:00]} Bf5 {[%emt 0:00:00]} 5. Ng3 {[%emt 0:00:00]} Bg6 {[%emt 0:00:04]} 6. Nh3 {[%emt 0:00:01]} Nf6 {[%emt 0:00:51]} 7. Nf4 {[%emt 0:00:09]} e5 {[%emt 0:00:02]} 8. dxe5 {[%emt 0:00:18]} Qa5+ {[%emt 0:00:07]} 9. c3 {[%emt 0:00:37]} Qxe5+ {[%emt 0:00:03]} 10. Be2 {[%emt 0:00:00]} Nbd7 {[%emt 0:00:43]} 11. O-O {[%emt 0:00:55]} O-O-O {[%emt 0:00:36]} 12. Qa4 {[%emt 0:01:01]} Bc5 {[%emt 0:03:41]} 13. Nxg6 {[%emt 0:00:19]} hxg6 {[%emt 0:00:17]} 14. Bf4 {[%emt 0:00:11]} Rh4 {[%emt 0:02:35]} 15. Bxe5 {[%emt 0:04:23]} Rxa4 {[%emt 0:00:11]} 16. Bxf6 {[%emt 0:00:12]} Nxf6 {[%emt 0:00:00]} 17. b4 {[%emt 0:00:13]} Bd6 {[%emt 0:00:33]} 18. Bc4 {[%emt 0:01:22]} Rd7 {[%emt 0:01:45]} 19. Bb3 {[%emt 0:00:15]} Ra3 {[%emt 0:00:21]} 20. Rad1 {[%emt 0:01:23]} Bxg3 {[%emt 0:00:51]} 21. fxg3 {[%emt 0:00:08]} Rxd1 {[%emt 0:01:04]} 22. Rxd1 {[%emt 0:00:12]} Nd5 {[%emt 0:00:06]} 23. Rd3 {[%emt 0:01:00]} a5 {[%emt 0:01:02]} 24. bxa5 {[%emt 0:00:25]} 1/2-1/2